Animated TV Shows by Plot Keywords Quiz Stats

 Plays Quiz Updated Apr 25, 2018

Challenge
Share
Tweet
Embed
Score 0/30 Timer 05:00
6 Plays Today
% Correct
SpongeBob SquarePants
92.9%
Scooby Doo, Where Are You!
90%
Garfield and Friends
88%
The Yogi Bear Show
87.6%
Teenage Mutant Ninja Turtles
86.7%
The Smurfs
85.3%
Bob's Burgers
83.9%
Pinky and the Brain
83.4%
The Transformers
83.3%
Inspector Gadget
83.1%
The Simpsons
82.6%
Family Guy
82%
South Park
79.3%
King of the Hill
78.9%
Johnny Bravo
76.1%
% Correct
Shaun the Sheep
71.6%
The Real Ghostbusters
70.6%
Dora the Explorer
68.9%
Heidi: A Girl of the Alps
68.3%
X-Men
68.1%
Futurama
66.4%
Archer
65.6%
Batman: The Animated Series
57.6%
Rocko's Modern Life
57.5%
Daria
55.1%
Superman
54.4%
Steven Universe
53%
Gravity Falls
50.7%
Celebrity Deathmatch
50%
DuckTales
46.3%

You're not logged in!

Compare scores with friends on all Sporcle quizzes.
OR
Log In

You Might Also Like...

Show Comments

Extras

Top Quizzes Today


Score Distribution

Your Account Isn't Verified!

In order to create a playlist on Sporcle, you need to verify the email address you used during registration. Go to your Sporcle Settings to finish the process.

Report this User

Report this user for behavior that violates our Community Guidelines.

Details: